000 00557nam a22001697a 4500
005 20231113095351.0
008 231113b |||||||| |||| 00| 0 eng d
020 _a0409059250
041 _aAfrikaans
082 _a345.5 VAN
100 _aVan der Merwe, SE
_lAfrikaans
245 _aHandleiding tot Artikels 112 en 115 Van Die Strafproseswet /
_cSE Van der Merwe
260 _aDurban :
_bButterworth en Kie (Edms) Bpk,
_c1980
300 _bxv, 116 pages ;
_c22,5 cm.
650 _aLegal practice
_bLaw
942 _cBK
_6ALISON_BN_VRIES
999 _c554
_d554